banner koha

Informacoes sobre tremoco (Lupinus sp.)[Leguminosa forrageira; Variedade; Adubacao; Doenca de planta; Planta de cobertura; Brasil] (Registro n. 270390)

MARC details
000 -LÍDER
campo de controle de tamanho fixo 01454nac a22004337a 4500
001 - NÚMERO DE CONTROLE
campo de controle BR8001182
003 - IDENTIFICADOR DO NÚMERO DE CONTROLE
campo de controle BR-BrBNA
005 - DATA E HORÁRIO DA ÚLTIMA TRANSAÇÃO
campo de controle 20240105114624.0
008 - CAMPO DE DADOS FIXOS--INFORMAÇÃO GERAL
campo de controle de tamanho fixo 230509b bl.|||m| |||| 00| 0 por d
040 ## - FONTE DA CATALOGAÇÃO
Instituição da catalogação original BR-BrBNA
Idioma da catalogação por
Instituição que transcreveu o registro Biblioteca Nacional de Agricultura
072 ## - CÓDIGO DE CATEGORIA DE ASSUNTO
Código de Categoria de Assunto F00
090 ## - NÚMERO DE CHAMADA LOCAL
Número de chamada 2030 BR8001182
100 1# - ENTRADA PRINCIPAL--NOME PESSOAL
Nome pessoal Derpsch, R.
100 1# - ENTRADA PRINCIPAL--NOME PESSOAL
Nome pessoal Alberini, J.L.
100 1# - ENTRADA PRINCIPAL--NOME PESSOAL
Nome pessoal Mondardo, A.
100 1# - ENTRADA PRINCIPAL--NOME PESSOAL
Nome pessoal Muzilli, O.
110 1# - ENTRADA PRINCIPAL--NOME CORPORATIVO
Nome corporativo ou nome da jurisdição Fundacao Instituto Agronomico do Parana, Londrina (Brasil)
245 1# - TÍTULO
Título Informacoes sobre tremoco (Lupinus sp.)[Leguminosa forrageira; Variedade; Adubacao; Doenca de planta; Planta de cobertura; Brasil]
246 1# - FORMA VARIANTE DO TÍTULO
Título/título abreviado [Information about lupin (Lupinus sp.)[Leguminous forage plant; Variety; Mulchi; Manuring; Soil; Plant disease; Brazil]]
260 3# - PUBLICAÇÃO, DISTRIBUIÇÃO, ETC.
Local de publicação, distribuição, etc. Londrina, PR (Brasil):
Data da publicação, distribuição, etc. 1980.
300 ## - DESCRIÇÃO FÍSICA
Extensão 20 p.
490 ## - TÍTULO DA SÉRIE
Título da série Informe da Pesquisa - Fundacao Instituto Agronomico do Parana (Brazil)
Número do volume ou designação sequencial da série no. 29
ISSN - International Standard Serial Number
500 ## - NOTA GERAL
Nota geral Bibliography p. 14-20 (60 ref.)
650 ## - ASSUNTO--TERMO TÓPICO
Cabeçalho tópico ou nome geográfico Producao vegetal
650 ## - ASSUNTO--TERMO TÓPICO
Cabeçalho tópico ou nome geográfico Tremoco
650 ## - ASSUNTO--TERMO TÓPICO
Cabeçalho tópico ou nome geográfico Leguminosa forrageira
650 ## - ASSUNTO--TERMO TÓPICO
Cabeçalho tópico ou nome geográfico Planta de cobertura
650 ## - ASSUNTO--TERMO TÓPICO
Cabeçalho tópico ou nome geográfico Variedade
650 ## - ASSUNTO--TERMO TÓPICO
Cabeçalho tópico ou nome geográfico Semeadura
650 ## - ASSUNTO--TERMO TÓPICO
Cabeçalho tópico ou nome geográfico Pratica cultural
650 ## - ASSUNTO--TERMO TÓPICO
Cabeçalho tópico ou nome geográfico Cultivo do solo
650 ## - ASSUNTO--TERMO TÓPICO
Cabeçalho tópico ou nome geográfico Adubacao
650 ## - ASSUNTO--TERMO TÓPICO
Cabeçalho tópico ou nome geográfico Doenca de planta
650 ## - ASSUNTO--TERMO TÓPICO
Cabeçalho tópico ou nome geográfico Praga de planta
650 ## - ASSUNTO--TERMO TÓPICO
Cabeçalho tópico ou nome geográfico Colheita
650 ## - ASSUNTO--TERMO TÓPICO
Cabeçalho tópico ou nome geográfico Parana
909 ## -
-- 202312
-- Lúcia Elande
-- 55
-- Lúcia Elande
942 ## - ELEMENTOS DE ENTRADA ADICIONADOS (KOHA)
Fonte da classificação ou esquema de arquivamento na estante Classificação AGRIS
Ocultar no OPAC Não
Tipo de material Koha Monografia Seriada
Exemplares
Situação do descarte Fonte da classificação ou esquema de arquivamento na estante Situação física Não pode ser emprestado Coleção Biblioteca de origem Biblioteca atual Localização na estante Total de empréstimos Número de telefone completo Código de barras Data de último acesso Tipo de material Koha Fonte de aquisição
  Classificação AGRIS       Biblioteca Nacional de Agricultura - Binagri Biblioteca Nacional de Agricultura - Binagri Agrobase - Acervo Geral   2030 BR8001182 2030 BR8001182 18/12/2023 Monografia Seriada Portaria Interministerial nº 164/94

BINAGRI

Telefone: (61)3218-2567/2388/3357/2097 - binagri@agro.gov.br

Ministério da Agricultura e Pecuária , Esplanada dos Ministérios, Bloco D, Anexo B, Brasília/DF, CEP: 70.043-900